| Поле | Название | Значение |
| |
Тип записи |
a |
| |
Библиографический уровень |
c |
| 001 |
Контрольный номер |
65c2f43da5de470c90ca512a51efef52 |
| 005 |
Дата корректировки |
20260505124000.8 |
| 010 |
Индекс ISBN |
__ |
| a |
ISBN |
978-5-0060-8960-0 |
| d |
Цена |
200-00 |
| 100 |
Данные общей обработки |
__ |
| a |
Данные общей обработки |
20260414d2024 m y0rusy028902 ca |
| 101 |
Язык документа |
0_ |
| a |
Язык текста |
rus |
| 102 |
Страна публикации |
__ |
| a |
Страна публикации |
RU |
| 105 |
Кодированные данные (монография) |
__ |
| a |
Кодированные данные (монография) |
y z 000gy |
| 181 |
Поле кодированных данных: вид содержания |
_0 |
| a |
Код вида содержания (ISBD) |
i |
| 182 |
Поле кодированных данных: тип средства |
_0 |
| a |
Код типа средства (ISBD) |
n |
| 200 |
Заглавие и сведения об ответственности |
1_ |
| a |
Заглавие |
В эту ночь заглянула Муза |
| e |
Сведения, относящиеся к заглавию |
[поэтический сборник] |
| f |
Первые сведения об ответственности |
Вячеслав Сазанович |
| 203 |
Вид содержания и тип средства |
__ |
| a |
Вид содержания |
Текст |
| c |
Тип средства |
непосредственный |
| 210 |
Выходные данные |
1_ |
| a |
Место издания |
[Екатеринбург] |
| c |
Издательство |
Издательские решения |
| d |
Дата издания |
2024 |
| 215 |
Физическое описание |
__ |
| a |
Объем |
175, [8] с. |
| d |
Формат |
21 см |
| 330 |
Аннотация |
__ |
| a |
Аннотация |
Подборка стихотворений сургутского поэта, созданных автором с 2011 по 2023 гг. |
| 333 |
Примечание о целевом назначении |
__ |
| a |
Примечание о целевом назначении |
16+. Для детей старше 16 лет |
| 464 |
Аналитический уровень |
_0 |
| 1 |
|
2001 |
| a |
|
Притча о писателях |
| 464 |
Аналитический уровень |
_0 |
| 1 |
|
2001 |
| a |
|
Милашка кикимора |
| 464 |
Аналитический уровень |
_0 |
| 1 |
|
2001 |
| a |
|
Просыпалась соль из небесного ситца... |
| 464 |
Аналитический уровень |
_0 |
| 1 |
|
2001 |
| a |
|
Гвозди в сердце |
| 464 |
Аналитический уровень |
_0 |
| 1 |
|
2001 |
| a |
|
Безмолвные тайны |
| 464 |
Аналитический уровень |
_0 |
| 1 |
|
2001 |
| a |
|
Девушка-Осень |
| 464 |
Аналитический уровень |
_0 |
| 1 |
|
2001 |
| a |
|
А вы ходили с копьями на мамонтов? |
| 464 |
Аналитический уровень |
_0 |
| 1 |
|
2001 |
| a |
|
Я к тебе непременно вернусь |
| 464 |
Аналитический уровень |
_0 |
| 1 |
|
2001 |
| a |
|
Порт назначения - Мечта... |
| 464 |
Аналитический уровень |
_0 |
| 1 |
|
2001 |
| a |
|
Триста серебристых рыбаков |
| 606 |
Тематические рубрики |
__ |
| 2 |
Код системы |
nlr_sh |
| a |
Основная рубрика |
Художественная литература |
| 606 |
Тематические рубрики |
__ |
| 2 |
Код системы |
nlr_sh |
| a |
Основная рубрика |
Современная русская литература (произведения) |
| y |
Географическая подрубрика |
ХМАО-Югра |
| y |
Географическая подрубрика |
Ханты-Мансийский автономный округ - Югра |
| y |
Географическая подрубрика |
Сургут |
| 610 |
Ключевые слова |
0_ |
| a |
Ключевые слова |
русская литература |
| 610 |
Ключевые слова |
0_ |
| a |
Ключевые слова |
современная литература |
| 610 |
Ключевые слова |
0_ |
| a |
Ключевые слова |
поэзия |
| 610 |
Ключевые слова |
0_ |
| a |
Ключевые слова |
лирика |
| 610 |
Ключевые слова |
0_ |
| a |
Ключевые слова |
стихи |
| 610 |
Ключевые слова |
0_ |
| a |
Ключевые слова |
краеведение |
| 610 |
Ключевые слова |
0_ |
| a |
Ключевые слова |
литературное краеведение |
| 610 |
Ключевые слова |
0_ |
| a |
Ключевые слова |
сургутские поэты |
| 610 |
Ключевые слова |
0_ |
| a |
Ключевые слова |
стихотворения о любви |
| 610 |
Ключевые слова |
0_ |
| a |
Ключевые слова |
тема любви |
| 610 |
Ключевые слова |
0_ |
| a |
Ключевые слова |
тема природы |
| 686 |
Индексы других классификаций |
__ |
| 2 |
Код системы |
rubbks |
| a |
Классификационный индекс |
К84(2=411.2)6-5 |
| 700 |
Автор |
_1 |
| a |
Фамилия |
Сазанович |
| b |
Имя |
В. В. |
| f |
Даты |
1975- |
| g |
Полное личное имя |
Вячеслав Васильевич |
| 4 |
Код отношения |
070 |
| 801 |
Источник записи |
_0 |
| a |
Страна |
RU |
| b |
Организация |
Муниципальное бюджетное учреждение культуры "Централизованная библиотечная система" г. Сургут (Центральная городская библиотека им. А. С. Пушкина) |
| g |
Правила каталогизации |
PSBO |
| c |
Дата составления |
20260414 |
| 801 |
Источник записи |
_1 |
| a |
Страна |
RU |
| b |
Организация |
Муниципальное бюджетное учреждение культуры "Централизованная библиотечная система" г. Сургут (Центральная городская библиотека им. А. С. Пушкина) |
| g |
Правила каталогизации |
PSBO |
| c |
Дата составления |
20260414 |
| 852 |
Данные о местонахождении |
__ |
| i |
Авторский знак |
С 14 |
| j |
Шифр хранения |
К84(2=411.2)6-5 |
| 900 |
Макрообъекты |
__ |
| a |
Макрообъекты |
В эту ночь заглянула Муза. Сазанович, В., 2024 |
| 901 |
Тип документа |
__ |
| t |
Тип документа |
x |
| a |
Ответственный |
КиК/Котельникова; ООФиК/Волкова |
| 901 |
Тип документа |
__ |
| a |
Ответственный |
4 партия |
| 901 |
Тип документа |
__ |
| a |
Ответственный |
без партии |
| 903 |
Характеристики (МАРС) |
__ |
| c |
Наименование библиотеки (МАРС) |
Муниципальное бюджетное учреждение культуры "Централизованная библиотечная система" г. Сургут (Центральная городская библиотека им. А. С. Пушкина) |
| a |
Дата передачи |
20260505; 20260414 |
| 990 |
Данные о заказе (DOS) |
__ |
| j |
Количество экземпляров (DOS) |
1 |
| t |
N записи в КСУ для И/У (DOS) |
202604 |